Geography Quiz

Random Geography or World Quiz

Natural Landmarks of the World Quiz Stats

 Plays Quiz Updated Jul 16, 2015

Challenge
Share
Tweet
Score 0/20 Timer 08:00
1 Play Today
% Correct
Grand Canyon
97.5%
Sahara Desert
93.3%
Niagara Falls
92.1%
Great Barrier Reef
91.9%
Mount Everest
91.1%
Amazon Rainforest and Amazon River
89.1%
Mount Fuji
85%
Old Faithful
83.3%
Victoria Falls
73.3%
Everglades
73.3%
% Correct
Galápagos Islands
70.7%
Mount Kilimanjaro
68.4%
Uluru (Ayers Rock)
66.4%
Nile River
65.8%
Beachy Head
61.6%
Matterhorn
58.1%
Rock of Gibraltar
49.4%
Serengeti
41.5%
Table Mountain
39.1%
Iguazu Falls
22.6%

You're not logged in!

Compare scores with friends on all Sporcle quizzes.
OR
Log In

You Might Also Like...

Show Comments

Extras

Top Quizzes Today


Score Distribution

Your Account Isn't Verified!

In order to create a playlist on Sporcle, you need to verify the email address you used during registration. Go to your Sporcle Settings to finish the process.

Report this User

Report this user for behavior that violates our Community Guidelines.

Details: